000 00519nam a2200193Ia 4500
003 LDD
008 181029s9999 xx 000 0 und d
020 _a195680162
_c525.00
040 _cLDD
100 _aRoy, Asim
245 0 _aIslam in History & Politics
_cAsim Roy
260 _aNew Delhi
_bOxford
_c2006
300 _axi, 224p
365 _b525.00
901 _a3546
_b24-11-2006
902 _a11450
_b05-12-2006
_cF
_dGBH
_e32
903 _aDiscount-10
_bReqst by : Nayak, Pandav (Prof.)
942 _2ddc
_cBK
999 _c76664
_d76664